000 00507nam a2200169Ia 4500
999 _c28351
_d28351
003 OSt
005 20210106111234.0
008 190216s9999||||xx |||||||||||||| ||und||
040 _coclc
082 _a894.8128
_bRAV/P
100 _aRaveendranath, Muhamma
_98194
245 0 _aPazhanchollum Kadamkathayum /
_cMuhamma Raveendranath
260 _bPoorna Publications,
_aKozhikode:
_c2004.
300 _a144p
650 _aKathakal
942 _cBK
_2ddc
_h894.8128
_iRAV/P
_k894.8128
_mRAV/P